000
00290 a2200133 4500
001
194752
040
_c
Magnum
100
_a
Lobato, Monteiro
240
1
0
_a
Reinações de Narizinho
_l
por
245
1
0
_a
Reinações de Narizinho
300
_a
52
697
_a
LITERATURA GERAL
942
_c
BK
999
_c
194752
_d
194752